Engineering Bulletin No 1 : (Record no. 249401)
[ view plain ]
| 000 -LEADER | |
|---|---|
| fixed length control field | 01324cam a22002533a 4500 |
| 001 - CONTROL NUMBER | |
| control field | 20146 |
| 003 - CONTROL NUMBER IDENTIFIER | |
| control field | PGUSA |
| 005 - DATE AND TIME OF LATEST TRANSACTION | |
| control field | 20140828083427.0 |
| 008 - FIXED-LENGTH DATA ELEMENTS--GENERAL INFORMATION | |
| fixed length control field | 061220s2006||||xxu|||||s|||||000 | eng d |
| 040 ## - CATALOGING SOURCE | |
| Original cataloging agency | PGUSA |
| Language of cataloging | eng |
| 042 ## - AUTHENTICATION CODE | |
| Authentication code | dc |
| 050 #4 - LIBRARY OF CONGRESS CALL NUMBER | |
| Classification number | TN |
| 100 1# - MAIN ENTRY--PERSONAL NAME | |
| Personal name | Strohm, Rufus T. |
| Fuller form of name | (Rufus Tracy), |
| Dates associated with a name | 1877- |
| 245 10 - TITLE STATEMENT | |
| Title | Engineering Bulletin No 1 : |
| Remainder of title | Boiler and Furnace Testing |
| Medium | [electronic resource] / |
| Statement of responsibility, etc | Rufus T. Strohm |
| 260 ## - PUBLICATION, DISTRIBUTION, ETC. (IMPRINT) | |
| Name of publisher, distributor, etc | Project Gutenberg, |
| Date of publication, distribution, etc | 2006 |
| 505 0# - FORMATTED CONTENTS NOTE | |
| Formatted contents note | Title Page -- Foreword -- Boiler and Furnace Testing -- Necessity for Testing Boilers -- Weighing the Coal -- Measuring the Feed Water -- Temperature of Feed Water -- Steam Pressure -- Working up the Test -- Boiler Horsepower or Capacity -- Heating Surface -- Cost of Evaporation -- Table of Test Results -- How to Use the Test Results -- Table of Factors of Evaporation -- Table of Factors of Evaporation—Concluded -- Publications on the Utilization of Coal and Lignite -- Publications Available for Free Distribution -- Publications That May Be Obtained Only Through the Superintendent of Documents |
| 506 ## - RESTRICTIONS ON ACCESS NOTE | |
| Terms governing access | Public domain in the USA. |
| 516 ## - TYPE OF COMPUTER FILE OR DATA NOTE | |
| Type of computer file or data note | Electronic text |
| 653 ## - INDEX TERM--UNCONTROLLED | |
| Uncontrolled term | Furnaces |
| 653 ## - INDEX TERM--UNCONTROLLED | |
| Uncontrolled term | Steam-boilers -- Testing |
| 830 #0 - SERIES ADDED ENTRY--UNIFORM TITLE | |
| Uniform title | Project Gutenberg |
| Volume number/sequential designation | 20146 |
| 856 40 - ELECTRONIC LOCATION AND ACCESS | |
| Uniform Resource Identifier | <a href="http://www.gutenberg.org/ebooks/20146">http://www.gutenberg.org/ebooks/20146</a> |
| 942 ## - ADDED ENTRY ELEMENTS (KOHA) | |
| Koha item type | eBooks |
| Withdrawn status | Lost status | Damaged status | Home library | Current library | Date acquired | Total Checkouts | Date last seen | Price effective from | Koha item type |
|---|---|---|---|---|---|---|---|---|---|
| Project Gutenberg | Project Gutenberg | 08/28/2014 | 08/28/2014 | 08/28/2014 | eBooks |